Паспорт (Запис номер 386268)
[ съкратено ]
| 000 -Лидер | |
|---|---|
| Контролно поле с фиксирана дължина | nam a22 a 4500 |
| 003 - Код на организацията, давaща контролен номер | |
| Контролно поле | BLK |
| 005 - Дата и час на последна редакция | |
| Контролно поле | 20201007040945.0 |
| 008 - Елементи от данни с фиксирана дължина | |
| fixed length control field | 200311b bul|||||r ||||||| ||bul|| |
| 010 ## - Наследен системен номер | |
| LC control number | KNG00085521RET |
| 040 ## - Източник на каталожния запис | |
| Идентификатор на билиотеката - собственик на записа | BLK |
| 041 ## - Код за език | |
| Код за езика на текст/звукозапис или на отделно заглавие | Български |
| Код за езика КДБФ | Български |
| 080 ## - УДК | |
| Текстов определител УДК | Арабска литература. Подразделя се с помощта на общите определители на място (5/6) |
| УДК код - определител по УДК | 821.411.21 |
| УДК определител | -1 |
| УДК - код + определител | 821.411.21-1 |
| 100 ## - Редна дума - Автор | |
| Автор | Даруиш, Махмуд |
| Авторска отговорност | първи автор |
| R(LIN) | 1299 |
| 139 ## - Редно поле | |
| Редна дума | Даруиш, Махмуд |
| 245 10 - Сведения за заглавието | |
| Заглавие | Паспорт |
| Подзаглавни данни | [Сб. стихотворения] |
| Редно поле (дума) | Махмуд Даруиш; Подб. Славян Русчуклиев; Прев. от араб. Мая Цолова; Прев. от араб. Хамид Даруиш. |
| 257 ## - Страна на издаване | |
| Страна на създаване/издаване | България |
| 260 ## - Област на издателските данни | |
| Място на издаване, разпространение и проч. | София |
| Име на издателя, разпространителя и проч. | Нар. култура |
| Година на издаване | 1988 |
| Печатница | Враца : В. Александров |
| 9 (RLIN) | 209547 |
| Издателство - префикс ISBN | 954-04- |
| 300 ## - Физическа характеристика | |
| Страници | 127 с. |
| Размери/Мащаб | 17 см |
| 380 ## - Жанр | |
| Жанр | Худож. лит. |
| 490 ## - СЕРИИ (Колекции) | |
| Име на серия | Поетичен глобус |
| 9 (RLIN) | 205129 |
| 500 ## - Общи забележки | |
| Забележка | Ориг. загл. на араб. ез Без тир 0,61 лв |
| 700 ## - Други автори (авторска отговорност) | |
| Лично име | Русчуклиев, Славян |
| Автороска отговорност (Описва отношението между автора и произведението) | подб. |
| 9 (RLIN) | 878 |
| 700 ## - Други автори (авторска отговорност) | |
| Лично име | Цолова, Мая |
| Автороска отговорност (Описва отношението между автора и произведението) | прев. от араб. |
| 9 (RLIN) | 1034 |
| 700 ## - Други автори (авторска отговорност) | |
| Лично име | Даруиш, Хамид |
| Автороска отговорност (Описва отношението между автора и произведението) | прев. от араб. |
| 9 (RLIN) | 1034 |
| 852 ## - Местоположение | |
| Форматна сигнатура | Цб I 23871 |
| Фондова буква | Хранилище |
| 856 4# - Електронен адрес и достъп | |
| Електронен формат | pdf - файл |
| Път до файла /url/ | |
| 999 ## - СИСТЕМНИ КОНТРОЛНИ НОМЕРА | |
| Koha biblionumber | 386268 |
| Koha biblioitemnumber | 386268 |
| 942 ## - АРТИКУЛИ | |
| Вид на библиотечния материал | Книги |
| Скрит в OPAC | Не |
| Периодичен библиозапис | Да |
| 944 ## - СЪЗДАВАНЕ И РЕДАКЦИЯ на ЗАПИСА | |
| Създаване/Редакция | Създаване |
| Дата на регистрацията/редакция | 2020-08-28 |
| Служител, извършил регистрацията/редакцията | Ренета Константинова |
| 999 ## - СИСТЕМНИ КОНТРОЛНИ НОМЕРА | |
| Koha biblioitemnumber | 419913 |
| Код за отписване | Код за изгубен артикул | Източник на класификационната схема | Код за повреда | Коз за рестрикции | Код за отдаване | Артикулен № | Име на библиотеката - собственик | Име на библиотеката, в която се намира в момента | Статус (Текущо местоположение) | Дата на вписване в системата | Местоположение - отдел | Цена в лева | Инвентарен номер | Систематично азбучна сигнатура | Баркод | Цена в евро | Служебен тип на артикула |
|---|---|---|---|---|---|---|---|---|---|---|---|---|---|---|---|---|---|
| Не е изгубен | Universal Decimal Classification | Не е повреден | само за читалня | ползва се в читалня | 795922 | Регионална библиотека "Любен Каравелов" Русе | Регионална библиотека "Любен Каравелов" Русе | Хранилище | 2020-08-31 | Хранилище | 0.61 | 493534 | Цб І 23871 | 120000493534 | 0.31 | Книги |